A theory of the formation of animals /

Bibliographic Details
Main Author: Hillier, William Thomas
Format: Book
Language:English
Published: Bristol : London : J. Wright and sons ltd.; Simpkin, Marshall ltd., 1932.
Subjects:

MARC

Tag First Indicator Second Indicator Subfields
LEADER 00000cam a2200000 4500
001 in00000046875
005 20151007075445.0
008 800613s1932 enkaf 00010 eng d
035 |a (OCoLC)06418661 
035 |9 AAF3249AM 
040 |a TXA  |c TXA  |d UtOrBLW 
049 |a TXAM  |c [135989] 
090 |a QL799  |b .H5 
092 |a 591.4  |b H654t 
100 1 |a Hillier, William Thomas. 
245 1 2 |a A theory of the formation of animals /  |c by W. T. Hillier ... With 98 illustrations in the text and 7 full-page plates. 
264 1 |a Bristol :  |b J. Wright and sons ltd.;  |a London :  |b Simpkin, Marshall ltd.,  |c 1932. 
300 |a iv pages, 1 ., 2 unnumbered pages, 166 pages 1 :  |b illustrations, vii plate, diagrams 
336 |a text  |b txt  |2 rdacontent 
337 |a unmediated  |b n  |2 rdamedia 
338 |a volume  |b nc  |2 rdacarrier 
650 0 |a Morphology (Animals) 
740 0 |a Animals, Formation of. 
999 |a MARS 
999 f f |s e9102d0d-1769-3535-b623-39b2d866415a  |i c6316e29-3937-3676-99ab-937ff812821a  |t 0 
952 f f |p ric  |a Texas A&M University  |b Rellis Campus  |c Joint Library Facility  |d Remote Storage  |t 0  |e QL799 .H5  |h Library of Congress classification  |i unmediated -- volume  |m A14801006747 
998 f f |a QL799 .H5  |t 0  |l Remote Storage